Most streamed underground rap songs WITH features - Statistics

General Stats
  • This quiz has been taken 20 times
    17 since last reset
  • The average score is 6 of 15
Answer Stats
Album Streams Answer % Correct
Single (With xaviersobased) 12,922,681 Impact
85%
Rest In Bass 14,309,130 Mannequin
85%
Xavier 3,312,608 Party At My Place
46%
Rest In Bass 3,832,012 HELLRAISER
38%
once more 4,817,041 uncomfy
38%
Single (With Nettspend) 14,034,310 Withdrawals
38%
War Ready 11,921,013 AMIRI TRENDSETTER
31%
Bloodluxe 1,822,764 Daytona
31%
Psykotic 5,623,655 FMJ
31%
Early Life Crisis 3,426,210 Masked Up
31%
Rest In Bass 2,221,007 NEVER TOO YOUNG TO DIE
31%
Early Life Crisis 1,983,230 Pain Talk
31%
Sayso Says 4,169,232 SASKA YOU MADE IT
31%
War Ready 4,263,723 IM WIT IT
23%
Half Blood 3,212,164 Wipe Yo Nose
15%
No matching quizzes found
Score Distribution
Percent of People with Each Score
Percentile by Number Answered
Your Score History
You have not taken this quiz since the last reset